[Event "1. liga V 24/25, Duras-Jundrov"]
[Site ""]
[Date "2025.03.23"]
[Round "10.1"]
[White "Vyskocil, Neklan"]
[Black "Zwardon, Vojtech"]
[Result "1/2-1/2"]
[WhiteFideId "307106"]
[BlackFideId "325511"]
[WhiteElo "2268"]
[BlackElo "2428"]
[PlyCount "0"]
[WhiteTeam "Duras Charlie's Street Brno"]
[BlackTeam "Jezdci Jundrov"]
[EventDate "2024.10.20"]

1. d4 Nf6 2. c4 e6 3. Nf3 c5 4. Nc3 cxd4 5. Nxd4 a6 6. e4 Bb4 7. Bd3 Nc6 8.
Nxc6 dxc6 9. Be3 e5 10. h3 Nd7 11. O-O Nc5 12. Bc2 O-O 13. Ne2 Ne6 14. Qxd8
Rxd8 15. Rfd1 Re8 16. a3 Bf8 17. Bb6 a5 18. Be3 Bc5 19. Bxc5 Nxc5 20. b4 axb4
21. axb4 Rxa1 22. Rxa1 Na6 23. b5 Nb4 24. Ba4 c5 25. b6 Rd8 26. Bb5 Kf8 27. Nc3
Nc2 28. Ra8 Nd4 29. Bd7 Rxd7 30. Rxc8+ Ke7 31. Rxc5 f6 32. Rc8 Ne6 33. Rb8 Kd6
34. Nd5 Kc5 35. Rc8+ Kd6 36. Rb8 Kc5 1/2-1/2

[Event "1. liga V 24/25, Duras-Jundrov"]
[Site ""]
[Date "2025.03.23"]
[Round "10.2"]
[White "Fiala, Vaclav"]
[Black "Zpevak, Pavel"]
[Result "1/2-1/2"]
[WhiteFideId "331503"]
[BlackFideId "300586"]
[WhiteElo "2203"]
[BlackElo "2257"]
[PlyCount "0"]
[WhiteTeam "Jezdci Jundrov"]
[BlackTeam "Duras Charlie's Street Brno"]
[EventDate "2024.10.20"]

1. e4 c5 2. d4 cxd4 3. c3 Nf6 4. e5 Nd5 5. cxd4 d6 6. Nf3 e6 7. Bd3 Bd7 8. O-O
Bc6 9. Nc3 Nd7 10. Ne4 dxe5 11. dxe5 Be7 12. Bg5 O-O 13. Bxe7 Qxe7 14. Re1 Rfd8
15. Bb1 Rac8 16. Nd6 Rc7 17. Bxh7+ Kxh7 18. Nxf7 Rh8 19. Qb1+ Kg8 20. Nxh8 Kxh8
21. Re4 Nf8 22. Rh4+ Kg8 23. Qe4 Nb6 24. Qg4 Bxf3 25. gxf3 Rc4 26. f4 Nd5 27.
Qg3 1/2-1/2

[Event "1. liga V 24/25, Duras-Jundrov"]
[Site ""]
[Date "2025.03.23"]
[Round "10.3"]
[White "Chytilek, Roman"]
[Black "Buchta, Vaclav"]
[Result "1/2-1/2"]
[WhiteFideId "304980"]
[BlackFideId "23739118"]
[WhiteElo "2300"]
[BlackElo "2234"]
[PlyCount "0"]
[WhiteTeam "Duras Charlie's Street Brno"]
[BlackTeam "Jezdci Jundrov"]
[EventDate "2024.10.20"]

1. Nf3 Nf6 2. c4 c5 3. Nc3 Nc6 4. d4 cxd4 5. Nxd4 e6 6. Bg5 Bb4 7. Rc1 h6 8.
Bh4 a6 9. e3 Bxc3+ 10. bxc3 d6 11. Be2 e5 12. Nxc6 bxc6 13. Qa4 Bd7 14. c5 d5
15. Bg3 Qe7 16. c4 Qxc5 17. Bxe5 Qe7 18. Bxf6 Qxf6 19. cxd5 cxd5 20. Qb4 Qe7
21. Qd4 O-O 22. O-O Qe4 23. Rfd1 Qxd4 24. Rxd4 Rfc8 25. Rcd1 Rc2 26. Bf3 Be6
27. a4 Ra2 28. h3 1/2-1/2

[Event "1. liga V 24/25, Duras-Jundrov"]
[Site ""]
[Date "2025.03.23"]
[Round "10.4"]
[White "Slepov, Cyril"]
[Black "Tajovsky, Martin"]
[Result "0-1"]
[WhiteFideId "378364"]
[BlackFideId "324116"]
[WhiteElo "2161"]
[BlackElo "2205"]
[PlyCount "0"]
[WhiteTeam "Jezdci Jundrov"]
[BlackTeam "Duras Charlie's Street Brno"]
[EventDate "2024.10.20"]

1. b3 d5 2. Bb2 Bg4 3. h3 Bh5 4. Nf3 Bxf3 5. gxf3 Nf6 6. e3 g6 7. f4 Bg7 8. Qf3
c6 9. Nc3 Nbd7 10. d4 Qa5 11. Bd3 a6 12. O-O e6 13. a3 O-O 14. b4 Qc7 15. Na4
b5 16. Nc5 a5 17. Bc3 axb4 18. Bxb4 Nxc5 19. Bxc5 Rfb8 20. Qe2 Bf8 21. Bb4 Ra4
22. c3 Rba8 23. Qb2 Qa7 24. Bc2 Ra6 25. Rfb1 Bxb4 0-1

[Event "1. liga V 24/25, Duras-Jundrov"]
[Site ""]
[Date "2025.03.23"]
[Round "10.5"]
[White "Vadila, Ondrej"]
[Black "Novosadova, Kristyna"]
[Result "1-0"]
[WhiteFideId "14944642"]
[BlackFideId "328065"]
[WhiteElo "2173"]
[BlackElo "2143"]
[PlyCount "0"]
[WhiteTeam "Duras Charlie's Street Brno"]
[BlackTeam "Jezdci Jundrov"]
[EventDate "2024.10.20"]

1. d4 Nf6 2. Nc3 d5 3. Bf4 c6 4. e3 Bf5 5. Nf3 h6 6. Ne5 Nbd7 7. g4 Bh7 8. h4
Nxe5 9. Bxe5 Ne4 10. Nxe4 Bxe4 11. f3 Bg6 12. Bd3 Bxd3 13. Qxd3 e6 14. Ke2 Qd7
15. g5 O-O-O 16. b4 hxg5 17. hxg5 Rxh1 18. Rxh1 Qe7 19. b5 c5 20. Bf4 c4 21.
Qc3 b6 22. a4 Qd7 23. Rh7 e5 24. dxe5 Qf5 25. Rh8 Kb7 26. e6 fxe6 27. Qe5 Qxe5
28. Bxe5 Be7 29. Rh7 Rg8 30. f4 Bf8 31. Kf3 Kc8 32. Kg4 Kd8 33. Kh5 Bc5 34.
Bxg7 Bxe3 35. Bf6+ Ke8 36. g6 Bxf4 37. Re7+ 1-0

[Event "1. liga V 24/25, Duras-Jundrov"]
[Site ""]
[Date "2025.03.23"]
[Round "10.6"]
[White "Gabriel, Adam"]
[Black "Tajovsky, Matej"]
[Result "1-0"]
[WhiteFideId "332020"]
[BlackFideId "384780"]
[WhiteElo "2291"]
[BlackElo "2066"]
[PlyCount "0"]
[WhiteTeam "Jezdci Jundrov"]
[BlackTeam "Duras Charlie's Street Brno"]
[EventDate "2024.10.20"]

1. b3 d5 2. Bb2 Bg4 3. h3 Bh5 4. g4 Bg6 5. Bg2 e6 6. d3 Nf6 7. e3 c5 8. f4 Nc6
9. Qe2 h6 10. Nf3 Bd6 11. O-O O-O 12. a3 Rc8 13. Nbd2 Qe7 14. Qf2 b5 15. Nh4
Bh7 16. Ndf3 c4 17. g5 hxg5 18. Nxg5 b4 19. Nxh7 Kxh7 20. bxc4 dxc4 21. axb4
cxd3 22. cxd3 Nxb4 23. Bxf6 Qxf6 24. Be4+ g6 25. Rxa7 Rc2 26. Qg3 Bc5 27. Nxg6
Rg8 28. Ne7+ Rg6 29. Nxg6 Bxa7 30. Ne7+ 1-0

[Event "1. liga V 24/25, Duras-Jundrov"]
[Site ""]
[Date "2025.03.23"]
[Round "10.7"]
[White "Zuziak, Petr"]
[Black "Buchnicek, Petr"]
[Result "0-1"]
[WhiteFideId "366080"]
[BlackFideId "305235"]
[WhiteElo "1927"]
[BlackElo "2239"]
[PlyCount "0"]
[WhiteTeam "Duras Charlie's Street Brno"]
[BlackTeam "Jezdci Jundrov"]
[EventDate "2024.10.20"]

1. Nf3 d5 2. c4 c6 3. e3 e6 4. Nc3 f5 5. b3 Nf6 6. Bb2 Bd6 7. Qc2 O-O 8. h3 a6
9. g4 e5 10. O-O-O b5 11. g5 Ne4 12. Nxe4 fxe4 13. Nxe5 Qxg5 14. f4 exf3 15.
Ng4 h5 16. Nf2 Be5 17. Ba3 Bf5 18. Bd3 Rf7 19. Rdg1 Qf6 20. e4 bxc4 21. bxc4
dxe4 22. Nxe4 Bxe4 23. Bxe4 f2 24. Rf1 Rb7 25. h4 Bd6 26. Bb2 Ba3 27. Bxa3 Qa1+
28. Qb1 Rxb1+ 29. Bxb1 Qd4 30. d3 Qc3+ 0-1

[Event "1. liga V 24/25, Duras-Jundrov"]
[Site ""]
[Date "2025.03.23"]
[Round "10.8"]
[White "Kuchar, Matej"]
[Black "Luc, Martin"]
[Result "1-0"]
[WhiteFideId "358207"]
[BlackFideId "390356"]
[WhiteElo "2055"]
[BlackElo "1927"]
[PlyCount "0"]
[WhiteTeam "Jezdci Jundrov"]
[BlackTeam "Duras Charlie's Street Brno"]
[EventDate "2024.10.20"]

1. Nf3 c5 2. g3 Nc6 3. Bg2 d5 4. O-O Bg4 5. d3 Nf6 6. Nbd2 e6 7. c3 Be7 8. e4
O-O 9. h3 dxe4 10. dxe4 Bh5 11. g4 Bg6 12. Nh4 Bxe4 13. Bxe4 Nxe4 14. Nxe4 Bxh4
15. Qxd8 Raxd8 16. Nxc5 b6 17. Ne4 Be7 18. f4 Rd3 19. Kg2 Rfd8 20. Nf2 R3d5 21.
Be3 Kf8 22. Rac1 e5 23. f5 Bc5 24. Bxc5+ Rxc5 25. Ne4 Ra5 26. a3 f6 27. Rf3
Rad5 28. g5 Kf7 29. h4 Rd3 30. Rc2 Ke7 31. Rxd3 Rxd3 32. Nf2 Rd7 33. b4 Nd8 34.
c4 Nf7 35. Ne4 Nd6 36. gxf6+ gxf6 37. Ng3 Rc7 38. c5 bxc5 39. bxc5 Nb7 40. Ne4
Nd8 41. Rd2 Nb7 42. Rd5 Rc6 43. Kf3 Na5 44. Rd6 Rxd6 45. cxd6+ Kf7 46. Nd2 Nc6
47. Nb3 Ke8 48. Ke4 Kd7 49. Kd5 Nd4 50. Nc5+ Kd8 51. Ne6+ Kd7 52. Nf8+ Kd8 53.
Nxh7 Nxf5 54. Nxf6 Nxh4 55. Kxe5 Nf3+ 56. Kd5 Ng5 57. a4 Nf7 58. Kc6 Ne5+ 59.
Kb7 a5 60. Kb6 Nc4+ 61. Kc5 Ne5 62. Ne4 Kd7 63. Kd5 Nd3 64. Nc5+ Nxc5 65. Kxc5
Kc8 66. Kb6 Kd7 67. Kxa5 1-0

[Event "1. liga V 24/25, Morenda-Trinec"]
[Site ""]
[Date "2025.03.23"]
[Round "10.1"]
[White "Kociscak, Jiri"]
[Black "Fargac, Martin"]
[Result "1/2-1/2"]
[WhiteFideId "322121"]
[BlackFideId "345245"]
[WhiteElo "2475"]
[BlackElo "2399"]
[PlyCount "0"]
[WhiteTeam "Moravska Slavia Brno B"]
[BlackTeam "TJ TZ Trinec"]
[EventDate "2024.10.20"]

1. d4 g6 2. c4 Bg7 3. e4 d6 4. Nc3 e5 5. d5 f5 6. exf5 gxf5 7. Qh5+ Kf8 8. Bd3
Qf6 9. Nge2 Qg6 10. Qh3 Ne7 11. f4 e4 12. Bc2 h5 13. Qh4 Rg8 14. Rg1 a6 15. a4
c5 16. Be3 Nd7 17. h3 Bf6 18. Qf2 h4 19. Kd2 Qh7 20. Rab1 Rg6 21. a5 1/2-1/2

[Event "1. liga V 24/25, Morenda-Trinec"]
[Site ""]
[Date "2025.03.23"]
[Round "10.2"]
[White "Szotkowski, Jakub"]
[Black "Zeman, Matyas"]
[Result "1/2-1/2"]
[WhiteFideId "330590"]
[BlackFideId "364398"]
[WhiteElo "2302"]
[BlackElo "2310"]
[PlyCount "0"]
[WhiteTeam "TJ TZ Trinec"]
[BlackTeam "Moravska Slavia Brno B"]
[EventDate "2024.10.20"]

1. d4 d5 2. c4 e6 3. Nc3 c5 4. cxd5 exd5 5. Nf3 Nf6 6. g3 Nc6 7. Bg2 cxd4 8.
Nxd4 Bc5 9. Nb3 Bb6 10. O-O d4 11. Na4 O-O 12. Bg5 h6 13. Nxb6 axb6 14. Bxc6
bxc6 15. Bxf6 Qxf6 16. Qxd4 Qd8 17. Rfd1 Be6 18. Qc3 Qe8 19. Nd4 c5 20. Nxe6
Qxe6 21. Qb3 Qxe2 22. Qxb6 Rxa2 23. Qxc5 1/2-1/2

[Event "1. liga V 24/25, Morenda-Trinec"]
[Site ""]
[Date "2025.03.23"]
[Round "10.3"]
[White "Roubalik, Jakub"]
[Black "Sikora, Jan"]
[Result "1-0"]
[WhiteFideId "322237"]
[BlackFideId "305405"]
[WhiteElo "2325"]
[BlackElo "2113"]
[PlyCount "0"]
[WhiteTeam "Moravska Slavia Brno B"]
[BlackTeam "TJ TZ Trinec"]
[EventDate "2024.10.20"]

1. d4 Nf6 2. c4 e6 3. Nc3 Bb4 4. e3 O-O 5. Bd3 c5 6. a3 Bxc3+ 7. bxc3 d5 8.
cxd5 exd5 9. Ne2 b6 10. O-O Ba6 11. f3 Bxd3 12. Qxd3 c4 13. Qc2 Re8 14. Ng3 h5
15. Bd2 Nc6 16. Rae1 h4 17. Nf5 h3 18. Bc1 Re6 19. e4 Ne7 20. Ng3 hxg2 21. Qxg2
Nh7 22. Kh1 Rg6 23. Qh3 Qc8 24. Qxc8+ Rxc8 25. e5 b5 26. f4 Ra6 27. f5 Rc7 28.
Re2 Ra4 29. Rg2 g6 30. fxg6 fxg6 31. Nh5 Ra6 32. Nf6+ Kh8 33. Nxh7 Kxh7 34.
Rf7+ Kg8 35. Rgf2 g5 36. Bxg5 Re6 37. h4 a5 38. h5 b4 39. Rf8+ 1-0

[Event "1. liga V 24/25, Morenda-Trinec"]
[Site ""]
[Date "2025.03.23"]
[Round "10.4"]
[White "Sikorova, Olga"]
[Black "Holemar, David"]
[Result "1/2-1/2"]
[WhiteFideId "307033"]
[BlackFideId "307009"]
[WhiteElo "2152"]
[BlackElo "2208"]
[PlyCount "0"]
[WhiteTeam "TJ TZ Trinec"]
[BlackTeam "Moravska Slavia Brno B"]
[EventDate "2024.10.20"]

1. c4 e6 2. g3 c5 3. Bg2 Nc6 4. Nc3 b6 5. Nf3 Bb7 6. O-O Be7 7. d4 Nxd4 8. Nxd4
Bxg2 9. Kxg2 cxd4 10. Qxd4 Nf6 11. e4 d6 12. b3 Qc7 13. f3 O-O 14. Bb2 Rfd8 15.
Rad1 Qc5 1/2-1/2

[Event "1. liga V 24/25, Morenda-Trinec"]
[Site ""]
[Date "2025.03.23"]
[Round "10.5"]
[White "Bures, Vit"]
[Black "Pilch, Roman"]
[Result "1-0"]
[WhiteFideId "309052"]
[BlackFideId "337870"]
[WhiteElo "2227"]
[BlackElo "2151"]
[PlyCount "0"]
[WhiteTeam "Moravska Slavia Brno B"]
[BlackTeam "TJ TZ Trinec"]
[EventDate "2024.10.20"]

1. d4 Nf6 2. c4 c5 3. d5 b5 4. cxb5 a6 5. bxa6 Bxa6 6. Nc3 g6 7. e4 Bxf1 8.
Kxf1 d6 9. g3 Bg7 10. Kg2 Nbd7 11. Nf3 O-O 12. a4 Qb6 13. Qe2 Rfb8 14. Nb5 Ne8
15. Bg5 Kf8 16. Rhb1 Nc7 17. Nxc7 Qxc7 18. Qc2 Rb7 19. Ra2 Rab8 20. a5 Rb5 21.
Bd2 Rb3 22. Be1 Qa7 23. Nd2 R3b5 24. Nc4 Ne5 25. b3 Nxc4 26. Qxc4 R8b7 27. Re2
Qb8 28. Re3 Bd4 29. Rd3 Bf6 30. h4 Kg7 31. h5 gxh5 32. Rf3 Be5 33. Bd2 h4 34.
gxh4 Kh8 35. Bc3 Bxc3 36. Qxc3+ f6 37. Kh2 Rb4 38. a6 Ra7 39. Rxf6 Rd4 40. Qf3
Ra8 41. Rf7 Qe8 42. Qf5 1-0

[Event "1. liga V 24/25, Morenda-Trinec"]
[Site ""]
[Date "2025.03.23"]
[Round "10.6"]
[White "Schoupal, Patrik"]
[Black "Vechet, Stanislav"]
[Result "0-1"]
[WhiteFideId "320374"]
[BlackFideId "302473"]
[WhiteElo "1958"]
[BlackElo "2125"]
[PlyCount "0"]
[WhiteTeam "TJ TZ Trinec"]
[BlackTeam "Moravska Slavia Brno B"]
[EventDate "2024.10.20"]

1. d4 d5 2. e4 dxe4 3. Nc3 Nf6 4. f3 e3 5. Bxe3 e6 6. Bd3 Nbd7 7. Qe2 Bb4 8.
Nh3 Nd5 9. O-O Nxc3 10. bxc3 Bxc3 11. Rad1 Nf6 12. d5 Nxd5 13. Be4 c6 14. Qd3
Qa5 15. Bf2 b6 16. Qc4 O-O 17. Bd3 Bd7 18. Qh4 f5 19. g4 Qb4 20. Rb1 Qe7 21. g5
c5 22. Nf4 Bd2 23. Nh3 Rad8 24. Rbd1 Bc3 25. Nf4 Bc6 26. Bc4 Be5 27. Nd3 Bc3
28. Qg3 g6 29. h4 Bg7 30. Rfe1 Bc3 31. Re2 Rfe8 32. Ne5 Qc7 33. f4 Bxe5 34.
Rxe5 Nxf4 35. Rxd8 Qxe5 36. Rxe8+ Bxe8 37. Bxe6+ Qxe6 38. Qxf4 Qe4 39. Qb8 f4
40. Qxa7 Bc6 41. Qb8+ Kf7 42. Qc7+ Ke6 43. Qc8+ Ke5 44. Qh8+ Kf5 45. Qc8+ Qe6
46. Qa6 Be4 47. Qa4 Qd5 48. c3 Qd3 49. Qb3 Qb1+ 50. Qxb1 Bxb1 51. a4 Ke4 52. a5
bxa5 53. Bxc5 Kd5 54. Be7 Kc4 55. Kf2 Be4 56. Bd6 a4 57. Bxf4 a3 58. Bc1 a2 59.
Bb2 Kd3 60. Ba1 Bd5 61. Kg3 Bc4 0-1

[Event "1. liga V 24/25, Morenda-Trinec"]
[Site ""]
[Date "2025.03.23"]
[Round "10.7"]
[White "Skacelik, Petr"]
[Black "Letovanec, Petr"]
[Result "1-0"]
[WhiteFideId "307904"]
[BlackFideId "361410"]
[WhiteElo "2135"]
[BlackElo "1908"]
[PlyCount "0"]
[WhiteTeam "Moravska Slavia Brno B"]
[BlackTeam "TJ TZ Trinec"]
[EventDate "2024.10.20"]

1. d4 d5 2. c4 c6 3. Nc3 Nf6 4. Nf3 e6 5. Bg5 Be7 6. e3 dxc4 7. Bxc4 O-O 8. O-O
Nbd7 9. Rc1 b5 10. Bd3 Bb7 11. a4 b4 12. Ne4 Nxe4 13. Bxe7 Nxf2 14. Bxh7+ Kh8
15. Rxf2 Qxe7 16. Be4 Rac8 17. Ne5 Nf6 18. Bxc6 Bxc6 19. Nxc6 Qb7 20. Rfc2 g6
21. Qf3 Kg7 22. Rc5 a6 23. Qf4 Rh8 24. R5c4 Rh5 25. e4 a5 26. Rf1 Rxc6 27.
Qxf6+ Kh6 28. Rxc6 Qxc6 29. Qf4+ Kh7 30. Qxf7+ Kh6 31. Qf8+ Kg5 32. Qf4# 1-0

[Event "1. liga V 24/25, Morenda-Trinec"]
[Site ""]
[Date "2025.03.23"]
[Round "10.8"]
[White "Macosek, Alex"]
[Black "Kredl, Karel"]
[Result "1/2-1/2"]
[WhiteFideId "23730463"]
[BlackFideId "315893"]
[WhiteElo "1850"]
[BlackElo "2047"]
[PlyCount "0"]
[WhiteTeam "TJ TZ Trinec"]
[BlackTeam "Moravska Slavia Brno B"]
[EventDate "2024.10.20"]

1. d4 Nf6 2. Bf4 d5 3. e3 e6 4. Nd2 Bd6 5. Bg3 O-O 6. Ngf3 c5 7. c3 Qc7 8. Ne5
Nbd7 9. f4 Ne4 10. Nxe4 dxe4 11. Nc4 f5 12. d5 Nf6 13. dxe6 Be7 14. Ne5 Bxe6
15. Bc4 Bxc4 16. Nxc4 b5 17. Ne5 c4 18. b4 Rfd8 19. Qc1 Nh5 20. a4 a6 21. axb5
axb5 22. Rxa8 Rxa8 23. O-O Nxg3 24. hxg3 Bf6 25. g4 Bxe5 26. fxe5 fxg4 27. Qd1
Qxe5 28. Qd7 h5 29. Qf7+ Kh7 30. Rf5 Ra1+ 31. Kf2 Ra2+ 32. Kf1 Ra1+ 33. Ke2
Ra2+ 34. Kd1 Ra1+ 35. Kc2 Rc1+ 36. Kxc1 1/2-1/2

[Event "1. liga V 24/25, Trinec-Chotebor"]
[Site ""]
[Date "2025.04.06"]
[Round "11.1"]
[White "Langner, Ladislav"]
[Black "Vesely, Vitek"]
[Result "1-0"]
[WhiteFideId "300403"]
[BlackFideId "348880"]
[WhiteElo "2356"]
[BlackElo "2152"]
[PlyCount "0"]
[WhiteTeam "TJ TZ Trinec"]
[BlackTeam "TJ CHS Chotebor"]
[EventDate "2024.10.20"]

1. e4 c5 2. c3 d5 3. exd5 Qxd5 4. d4 g6 5. dxc5 Qxc5 6. Be3 Qc7 7. Na3 a6 8.
Qd4 e5 9. Qa4+ Nd7 10. Nb5 Qb8 11. Na3 Ngf6 12. Nf3 b5 13. Qd1 Ng4 14. Nc2 Bg7
15. Be2 O-O 16. Bg5 Re8 17. h3 Ngf6 18. O-O e4 19. Nfd4 Ne5 20. Ne3 Bb7 21. a4
bxa4 22. Rxa4 Nfd7 23. b4 Qc7 24. Qb3 Nd3 25. Bxd3 exd3 26. Rd1 Rac8 27. Rxd3
Ne5 28. Bf4 Nf3+ 29. Nxf3 Qxf4 30. b5 Re4 31. bxa6 Rxa4 32. axb7 Ra1+ 33. Nf1
Rb8 34. Rd7 Qf5 35. Rc7 Ra7 36. Qb6 Ra1 37. Qc6 Bf8 38. Rc8 Rxf1+ 39. Kxf1
Qb1+ 40. Ke2 Rxb7 41. Qe8 Qa2+ 42. Nd2 Qa3 43. Ne4 Ra7 44. Kf3 Ra5 45. g4 h6
46. Nf6+ Kg7 47. Nd7 Bb4 48. Qh8# 1-0

[Event "1. liga V 24/25, Trinec-Chotebor"]
[Site ""]
[Date "2025.04.06"]
[Round "11.2"]
[White "Jun, Rudolf"]
[Black "Fargac, Martin"]
[Result "1/2-1/2"]
[WhiteFideId "376612"]
[BlackFideId "345245"]
[WhiteElo "2235"]
[BlackElo "2408"]
[PlyCount "0"]
[WhiteTeam "TJ CHS Chotebor"]
[BlackTeam "TJ TZ Trinec"]
[EventDate "2024.10.20"]

1. e4 e5 2. Nc3 Nf6 3. Nf3 Nc6 4. d4 exd4 5. Nd5 Nb4 6. Nxd4 Nbxd5 7. exd5
Nxd5 8. Nf5 Ne7 9. Bg5 d5 10. Bxe7 Bxe7 11. Nxg7+ Kf8 12. Nh5 Qd6 13. Be2 c6
14. O-O Rg8 15. Qd3 Qg6 16. Ng3 Be6 17. f4 Qf6 18. Nh5 Qg6 19. Ng3 Bd7 20.
Rae1 Re8 21. Kh1 Bc5 22. Bh5 Qxd3 23. Rxe8+ Kxe8 24. cxd3 Ke7 25. Bf3 Bd4 26.
b3 a5 27. Re1+ Kd6 28. Ne2 Bf6 29. Bh5 Re8 30. Rd1 Kc5 31. Kg1 Kb4 32. Kf2 Re7
33. d4 a4 34. bxa4 Bf5 35. Rd2 Kxa4 36. g4 Bc8 37. g5 Bg7 38. Ng3 Kb4 39. f5
f6 40. h4 Kc3 41. Rd1 Kc2 42. Bf3 fxg5 43. hxg5 Rf7 44. Bh5 Rf8 45. f6 Bh8 46.
Rh1 h6 47. Bg6+ Kc3 48. Rxh6 Bxf6 49. gxf6 Rxf6+ 50. Ke3 1/2-1/2

[Event "1. liga V 24/25, Trinec-Chotebor"]
[Site ""]
[Date "2025.04.06"]
[Round "11.3"]
[White "Zvarik, Martin"]
[Black "Ondracek, Ondrej"]
[Result "1/2-1/2"]
[WhiteFideId "14908565"]
[BlackFideId "325708"]
[WhiteElo "2221"]
[BlackElo "2092"]
[PlyCount "0"]
[WhiteTeam "TJ TZ Trinec"]
[BlackTeam "TJ CHS Chotebor"]
[EventDate "2024.10.20"]

1. d4 d5 2. Nf3 Nf6 3. Bg5 e6 4. Nbd2 Be7 5. c3 Nbd7 6. e3 c5 7. Bd3 b6 8. O-O
Bb7 9. Bh4 Ne4 10. Bxe7 Qxe7 11. Bb5 Nxd2 12. Qxd2 O-O 13. Bxd7 Qxd7 14. Rfc1
Rfd8 15. Rc2 Rac8 16. Ne5 Qd6 17. f4 f6 18. Nf3 1/2-1/2

[Event "1. liga V 24/25, Trinec-Chotebor"]
[Site ""]
[Date "2025.04.06"]
[Round "11.4"]
[White "Karasek, Lukas"]
[Black "Miturova, Magdalena"]
[Result "1-0"]
[WhiteFideId "325031"]
[BlackFideId "330221"]
[WhiteElo "2211"]
[BlackElo "2111"]
[PlyCount "0"]
[WhiteTeam "TJ CHS Chotebor"]
[BlackTeam "TJ TZ Trinec"]
[EventDate "2024.10.20"]

1. Nf3 Nf6 2. c4 e6 3. d4 Bb4+ 4. Bd2 a5 5. g3 b6 6. Bg2 Bb7 7. O-O O-O 8. Bf4
Be7 9. Nc3 Ne4 10. Nb5 Na6 11. Rc1 g5 12. Be3 f5 13. Nd2 Nxd2 14. Qxd2 Bxg2
15. Kxg2 Rf7 16. f3 Bf6 17. Bg1 f4 18. e3 Bg7 19. exf4 gxf4 20. g4 d5 21. Qe2
Qd7 22. Rfe1 dxc4 23. Qxc4 Nb4 24. a3 Nd5 25. Re4 h5 26. h3 Re8 27. Rce1 Bh6
28. Nc3 c6 29. Qe2 hxg4 30. hxg4 Nc7 31. Bf2 Bg5 32. Rh1 Rh7 33. Rxh7 Qxh7 34.
Re5 Bf6 35. Rh5 Qg6 36. Qc4 Nd5 37. Qxc6 Ne3+ 38. Bxe3 fxe3 39. Ne4 Kg7 40.
Qc7+ Re7 41. Qc3 Rd7 42. Qxe3 Bxd4 43. Qd2 Kf7 44. Rh6 Qg7 45. Ng5+ 1-0

[Event "1. liga V 24/25, Trinec-Chotebor"]
[Site ""]
[Date "2025.04.06"]
[Round "11.5"]
[White "Frolik, Martin"]
[Black "Tuma, Jiri"]
[Result "1/2-1/2"]
[WhiteFideId "304123"]
[BlackFideId "318337"]
[WhiteElo "2102"]
[BlackElo "2257"]
[PlyCount "0"]
[WhiteTeam "TJ TZ Trinec"]
[BlackTeam "TJ CHS Chotebor"]
[EventDate "2024.10.20"]

1. d4 d5 2. c4 c6 3. Nf3 Nf6 4. Nc3 e6 5. cxd5 exd5 6. Bg5 Be7 7. Qc2 O-O 8.
e3 Nbd7 9. Bd3 Re8 10. O-O Nf8 11. Bxf6 Bxf6 12. b4 Bg4 13. Nd2 Be7 14. Rab1
Bd6 15. g3 h5 16. Rfe1 h4 17. b5 c5 18. dxc5 Bxc5 19. Bf5 Qg5 20. Bxg4 Qxg4
21. Nxd5 Rac8 22. Qd1 Qe6 23. Nf4 Qxa2 24. Nb3 hxg3 25. hxg3 Bb6 26. Re2 Qa3
27. Rc2 Rxc2 28. Qxc2 Ne6 29. Nd5 Qd6 30. Nxb6 axb6 31. Qc4 Qe5 32. Kg2 Rd8
33. Rc1 g6 34. Rc2 Rd5 35. Qc8+ Kg7 36. Nd2 Rxb5 37. Qxb7 Rc5 38. Rxc5 bxc5
39. Nc4 Qc7 40. Qd5 Kg8 41. Ne5 Kg7 42. g4 Qe7 43. Nc4 Nc7 44. Qe5+ Qxe5 45.
Nxe5 Kf6 1/2-1/2

[Event "1. liga V 24/25, Trinec-Chotebor"]
[Site ""]
[Date "2025.04.06"]
[Round "11.6"]
[White "Vala, Filip"]
[Black "Cupek, Martin"]
[Result "0-1"]
[WhiteFideId "325490"]
[BlackFideId "320935"]
[WhiteElo "2094"]
[BlackElo "2117"]
[PlyCount "0"]
[WhiteTeam "TJ CHS Chotebor"]
[BlackTeam "TJ TZ Trinec"]
[EventDate "2024.10.20"]

1. d4 d6 2. Nf3 Nd7 3. c4 e5 4. Nc3 g6 5. e4 Nh6 6. c5 dxc5 7. dxe5 Ng4 8. Bg5
Be7 9. Bf4 f6 10. exf6 Bxf6 11. Qd5 c6 12. Qe6+ Qe7 13. Qxg4 Bxc3+ 14. bxc3
Qxe4+ 15. Be2 O-O 16. Ng5 Qxf4 17. O-O Nb6 18. Qxf4 Rxf4 19. g3 Ra4 20. c4 Kg7
21. Ne4 Bh3 22. Rfc1 Re8 23. f3 Bf5 24. Bd3 Bxe4 25. fxe4 Kf6 26. Rf1+ Ke6 27.
e5 Re7 28. Bc2 Ra3 29. Bb3 Kxe5 30. Rae1+ Kd6 31. Rf6+ Kd7 32. Rd1+ Kc7 33.
Rf8 a5 34. Rdf1 a4 35. Bd1 Nxc4 36. Bg4 Rxa2 37. Rc8+ Kb6 38. Rc1 Kb5 39. Bh3
Nd2 40. Bg2 c4 41. h4 a3 42. Ra8 Kb4 43. Rb8 Ka4 44. Ra8+ Kb3 45. Rb8 Kb2 46.
Rd1 Ra1 47. Rxa1 Kxa1 48. Rd8 c3 0-1

[Event "1. liga V 24/25, Trinec-Chotebor"]
[Site ""]
[Date "2025.04.06"]
[Round "11.7"]
[White "Sikora, Jan"]
[Black "Sukdolak, Radek"]
[Result "1-0"]
[WhiteFideId "305405"]
[BlackFideId "361283"]
[WhiteElo "2108"]
[BlackElo "2025"]
[PlyCount "0"]
[WhiteTeam "TJ TZ Trinec"]
[BlackTeam "TJ CHS Chotebor"]
[EventDate "2024.10.20"]

1. e4 c5 2. Nf3 Nc6 3. Nc3 a6 4. d4 cxd4 5. Nxd4 g6 6. Be3 Bg7 7. Be2 d6 8. f4
e5 9. Nf3 Nge7 10. Qd2 f5 11. O-O-O fxe4 12. Ng5 Nf5 13. Ngxe4 Nfd4 14. fxe5
Bxe5 15. Bg5 Nxe2+ 16. Qxe2 Qd7 17. Nf6+ 1-0

[Event "1. liga V 24/25, Jundrov-Morenda"]
[Site ""]
[Date "2025.04.06"]
[Round "11.1"]
[White "Zwardon, Vojtech"]
[Black "Polak, Tomas"]
[Result "0-1"]
[WhiteFideId "325511"]
[BlackFideId "300560"]
[WhiteElo "2444"]
[BlackElo "2473"]
[PlyCount "0"]
[WhiteTeam "Jezdci Jundrov"]
[BlackTeam "Moravska Slavia Brno B"]
[EventDate "2024.10.20"]

1. c4 Nf6 2. Nf3 e6 3. b3 b6 4. Bb2 Bb7 5. e3 d5 6. cxd5 exd5 7. g3 Nbd7 8. Bg2
Bd6 9. O-O O-O 10. Nc3 a6 11. Nh4 Re8 12. Rc1 Bf8 13. Rc2 Rc8 14. Qa1 c5 15.
Ne2 b5 16. d3 Qb6 17. Rfc1 Rcd8 18. a4 Rc8 19. a5 Qd8 20. Nf3 Rc7 21. Nf4 Bd6
22. Nh4 Bf8 23. Nf5 g6 24. Nd4 Bd6 25. Nde2 g5 26. Nh3 h6 27. b4 c4 28. Nd4
Bxb4 29. Nf5 Bf8 30. Bd4 b4 31. dxc4 dxc4 32. Bxb7 Rxb7 33. Rxc4 Rb5 34. Bxf6
Qxf6 35. Nd4 Rc5 36. Rxc5 Nxc5 37. Qb1 Rb8 38. f4 Qg6 39. fxg5 b3 40. gxh6 b2
41. Rc2 Bxh6 0-1

[Event "1. liga V 24/25, Jundrov-Morenda"]
[Site ""]
[Date "2025.04.06"]
[Round "11.2"]
[White "Zeman, Matyas"]
[Black "Fiala, Vaclav"]
[Result "1-0"]
[WhiteFideId "364398"]
[BlackFideId "331503"]
[WhiteElo "2311"]
[BlackElo "2199"]
[PlyCount "0"]
[WhiteTeam "Moravska Slavia Brno B"]
[BlackTeam "Jezdci Jundrov"]
[EventDate "2024.10.20"]

1. Nf3 d6 2. d4 f5 3. Nc3 Nf6 4. Bg5 g6 5. Bxf6 exf6 6. h4 d5 7. h5 g5 8. e3 c6
9. Bd3 Bd6 10. Ne2 Qe7 11. Kf1 Be6 12. c3 O-O 13. Qc2 Qd7 14. Nd2 a5 15. Kg1
Kh8 16. f4 Na6 17. Rf1 c5 18. Qb1 Rae8 19. Rf2 Nb8 20. Nf1 c4 21. Bc2 Nc6 22.
Neg3 Ne7 23. h6 b5 24. Nh5 Ng6 25. Ng7 gxf4 26. exf4 Nxf4 27. Nxe8 Qxe8 28.
Bxf5 Bxf5 29. Qxf5 Ne2+ 30. Rxe2 Qxe2 31. Rh4 1-0